00329nam a2200133Ia 4500008004100000041000800041082001200049100001500061245004500076250001400121260002900135300002400164365000700188240624s9999 xx 000 0 und d aeng a413 IVA aIVANOVIC A aDICTIONARY OF HUMAN RESOURCES AND PERSON a(3rd ed.) c2003aLondonbBloomsbury a281 : p. : cm. ; 21 cRS